Responses for Show #7408 - Wednesday, November 23, 2016

Contestants

[<< previous game]

Andrew Lee, an aspiring TV writer from West Hollywood, California

Christina Boyadjian, a writer from Boston, Massachusetts

Stephanie Hubley, an executive assistant from Burien, Washington (whose 1-day cash winnings total $4,000)

[next game >>]

Jeopardy! Round responses

POTENT POISONABLES
CONTINENTS OF NOBEL PRIZE WINNERS
CAPTAIN
FAMILIAR PHRASES
NEWSPAPERS & MAGAZINES
SEASONAL SONGS
    $200 26
hemlock

Andrew
    $200 10
(Alex: He's from Egypt.)

Africa

Stephanie
    $200 7
(Stephanie: Who is Wellington?)
(Christina: Who is Christchurch?)

(Captain) Cook

StephanieChristinaAndrew
    $200 15
two wrongs

Stephanie
    $200 16
People magazine

Stephanie
    $200 21
Winter

Andrew
    $400 27
a black widow

Stephanie
    $400 11
(Alex: Yes. Chile)

South America

Stephanie
    $400 5
(Stephanie: Who is Fletcher Christian?)
---
(Alex: [*], yes, the second book.)

Captain Bligh

StephanieAndrew
    $400 22
I smell a rat

Christina
    $400 1
New Orleans

Stephanie
    $400 20
Summer

Christina
    $600 12
(Alex: He was Canadian, so it's [*].

North America

Triple Stumper
    $600 6
(Stephanie: Who are [*]?)

the Niña and the Pinta

Stephanie
    $600 23
(Andrew: What are "too many cooks in the kitchen"?
[Alex inhales sharply.] (Andrew: "Too many chefs in the kitchen"?)

too many cooks spoil the broth

StephanieAndrew
    $600 2
Sports Illustrated

Stephanie
    $600 19
Springtime

Stephanie
    $800 13
(Christina: What is Europe?)
...
(Alex: That's the country, continent.)

Australia

StephanieChristina
    $800 8
John Smith

Andrew
    $800 24
(Alex: Less than a minute to go now, Stephanie.)

at one fell swoop

Triple Stumper
    $1,000 3
The Wall Street Journal

Stephanie
    $800 17
Summer

Andrew
    $1000 28
(Alex: The O, in this case, comes from [*].)

oleander

Triple Stumper
    $1000 14
(Alex: He's known better as the Dalai Lama.)

Asia

Andrew
    $1000 9
(Frederick) Pabst

Stephanie
    $1000 25
to pull the wool over your eyes

Christina
    $1000 4
International Herald-Tribune

Andrew
    $1000 18
Autumn

Stephanie

Scores at the first commercial break (after clue 15):

Stephanie Christina Andrew
$4,600 -$1,000 $3,400

Scores at the end of the Jeopardy! Round:

Stephanie Christina Andrew
$7,400 $800 $4,000

Double Jeopardy! Round responses

SOUTH AMERICAN CITIES
SCI-FI TV
NONFICTION
THE “MM”EES
(Alex: Two M's coming up in each correct response.)
ARTS
CRAFTS
    $400 12
Caracas

Stephanie
    $400 26
Stargate

Andrew
    $400 13
the Federalist Papers

Andrew
    $400 1
a Jimmy

Christina
    $400 25
Frank Lloyd Wright

Andrew
    $400 6
a gondola

Andrew
    $800 11
São Paulo

Andrew
    $800 27
Quantum Leap

Andrew
    $800 14
Das Kapital

Andrew
    $800 2
a pommel horse

Stephanie
    $800 24
(Christina: What is "Moonlight Sonata"?)

"A Little Night Music" (Eine kleine Nachtmusik)

Christina
Triple Stumper
    $800 8
a glider

Andrew
    $1200 7
Evita Perón

Christina
    $1200 28
Stranger Things

Stephanie
    $1200 15
Davy Crockett

Stephanie
    $1200 3
backgammon

Andrew
    $1200 21
(Christina: What is Art Deco?)

Art Nouveau

Christina
Triple Stumper
    $3,000 18
(Stephanie: What is Discovery?)

the Enterprise

Stephanie
    $1600 9
(Stephanie: What is Santiago?)

Valparaíso

StephanieAndrew
    $1600 29
Ceres

Triple Stumper
    $3,000 16
(Stephanie: What is Prozac? ...What is [*]?)

Prozac Nation

Stephanie
    $1600 4
a summons

Stephanie
    $1600 22
The Rite of Spring

Andrew
    $1600 19
a hovercraft

Christina
    $2000 10
Cusco

Andrew
    $2000 30
the Daleks

Christina
    $2000 17
Nate Silver

Stephanie
    $2000 5
excommunicate

Christina
    $2000 23
Eames

Andrew
    $2000 20
the Argo

Andrew

Scores at the end of the Double Jeopardy! Round:

Stephanie Christina Andrew
$13,000 $6,000 $19,200

[wagering suggestions for these scores]

Final Jeopardy! Round responses

NAMES IN THE AMERICAN REVOLUTION
(Alex: 90% of our viewers have gotten the correct response already. If you didn't get this right, you're gonna hate yourself.)
ChristinaWho is Benedict Arnold?
$1,000
StephanieWho is Benedict Arnold?
$6,201
AndrewWho is Arnold
$6,801
Benedict Arnold

Final scores:

Stephanie Christina Andrew
$19,201 $7,000 $26,001
2nd place: $2,000 3rd place: $1,000 New champion: $26,001

Game dynamics:

Coryat scores:

Stephanie Christina Andrew
$14,400 $6,000 $19,200
21 R
(including 2 DDs),
4 W
(including 1 DD)
8 R,
4 W
22 R,
1 W

Combined Coryat: $39,600

[game clues] [game scores] [suggest correction]

Game tape date: 2016-08-23
The J! Archive is created by fans, for fans. Scraping, republication, monetization, and malicious use prohibited; this site may use cookies and collect identifying information. See terms. The Jeopardy! game show and all elements thereof, including but not limited to copyright and trademark thereto, are the property of Jeopardy Productions, Inc. and are protected under law. This website is not affiliated with, sponsored by, or operated by Jeopardy Productions, Inc. Join the discussion at JBoard.tv.